| 000 | 00805cam a2200265 a 4500 | ||
|---|---|---|---|
| 008 | |||
| 020 | _a0471097667 (cased.) | ||
| 049 | _aMAIN | ||
| 090 |
_aQD79.C8 _bTOU |
||
| 100 | 1 | _aTouchstone, Joseph C. | |
| 245 | 1 | 0 |
_aPractice of thin layer chromatography / _cJoseph C. Touchstone, Murrell F. Dobbins. |
| 250 | _a2nd ed. | ||
| 260 |
_aNew York : _bWiley, _cc1983. |
||
| 300 |
_axxiii, 405 p. : _bill. ; _c24 cm. |
||
| 500 | _aIncludes index. | ||
| 504 | _aIncludes bibliographical references. | ||
| 650 | 0 | _aThin layer chromatography. | |
| 650 | 2 | _aChromatography, Thin layer. | |
| 700 | 1 | _aDobbins, Murrell F. | |
| 907 |
_a.b10279210 _b18-09-12 _c22-06-10 |
||
| 003 | |||
| 005 | 20230123125027.0 | ||
| 040 | _cNUST | ||
| 942 |
_cBOOKS _kQD79.C8 _mTOU |
||
| 999 |
_c134433 _d134433 |
||